000 00956cab a2200277 4500
001 E1288
008 090401t1991 xxu||||| |||| 00| 0 eng d
035 _a(Sirsi) u32116
041 _aeng
245 _aAnderson v Houston and others
260 _c1991
300 _a12p.
350 _a0
490 _aSLC
_v1991 R 11
520 _aCroft - acquisition - appliant the owner occupier of croft - area of common grazings apportioned to applicant - whether applicant entitled to a acquire apportioned area - section 3(6)(B) of the Crofters (Scotland) Act 1955 and section 1 of the Crofting Reform (Scotland) Act 1976.
650 _aCOMMON GRAZINGS
650 _aCROFTERS (SCOTLAND) ACT 1955
650 _aCROFTING REFORM (SCOTLAND) ACT 1976
650 _aSCOTLAND
650 _aSCOTTISH LAND COURT
650 _aSLC
690 _aLANDLORD AND TENANT-AGRICULTURAL TENANCIES
690 _aRURAL PRACTICE
942 _n0
948 _c04/03/1997
999 _c21556
_d21556